Nennen Sie die ersten 15 Zahlen – geeignet für kleine Kinder - Statistiken

Allgemein
  • Dieses Quiz wurde 101 mal gespielt
  • Das Durchschnittsergebnis liegt bei 14 aus 15
Antwortstatistiken
Antwort % Korrekt
Eins
100%
Zwei
99%
Drei
98%
Vier
97%
Acht
96%
Fünf
96%
Neun
96%
Sechs
96%
Sieben
96%
Elf
95%
Zehn
95%
Zwölf
95%
Dreizehn
93%
Vierzehn
92%
Null
92%
Keine übereinstimmenden Quizze gefunden
Verteilung der Resultate
Anzahl Personen mit jedem Resultat
Perzentil nach korrekt beantworteten Fragen
Ihre Resultats-Entwicklung
Sie haben dieses Quiz noch nicht gespielt